Understanding organizational culture: a perspective on roles for leader (Record no. 51697)

000 -LEADER
fixed length control field 00425pab a2200169 454500
008 - FIXED-LENGTH DATA ELEMENTS--GENERAL INFORMATION
fixed length control field 180718b2001 xxu||||| |||| 00| 0 eng d
100 ## - MAIN ENTRY--PERSONAL NAME
Personal name Panda, Abinash
245 ## - TITLE STATEMENT
Title Understanding organizational culture: a perspective on roles for leader
260 ## - PUBLICATION, DISTRIBUTION, ETC.
Date of publication, distribution, etc. 2001
300 ## - PHYSICAL DESCRIPTION
Extent p.3-19
362 ## - DATES OF PUBLICATION AND/OR SEQUENTIAL DESIGNATION
Dates of publication and/or sequential designation Oct-Dec
650 ## - SUBJECT ADDED ENTRY--TOPICAL TERM
Topical term or geographic name entry element Leadership
650 ## - SUBJECT ADDED ENTRY--TOPICAL TERM
Topical term or geographic name entry element Organizations
700 ## - ADDED ENTRY--PERSONAL NAME
Personal name Gupta, R.K.
773 ## - HOST ITEM ENTRY
Main entry heading Vikalpa
909 ## -
-- 51697
Holdings
Withdrawn status Lost status Damaged status Not for loan Permanent Location Current Location Date acquired Serial Enumeration / chronology Barcode Date last seen Price effective from Koha item type
        Indian Institute of Public Administration Indian Institute of Public Administration 2018-07-19 Volume no: 26, Issue no: 4 AR52125 2018-07-19 2018-07-19 Articles

Powered by Koha